000 00529nam a22001937a 4500
003 KOHA_MİRAKIL
005 20251125114725.0
008 251125b tu ||||| |||| 00| 0 tur d
020 _a9789750734670
040 _aTR-AnABB
_btur
_cTR-AnABB
041 _atur
082 _a828.3354
_bAUS 2022
100 1 _aAuster, Paul,
245 1 0 _aKilitli oda /
_cPaul Auster
260 _aİstanbul :
_bCan Sanat Yayınları,
_c2022
300 _a143 sayfa ;
_c20 cm
650 0 4 _aAmerikan edebiyatı, roman
942 _2ddc
_cBK
999 _c9624
_d9624
900 _bGizem YORULMAZ